CfE: Principles of Curriculum Design Quiz Stats

 Plays Quiz not verified by Sporcle

Challenge
Share
Tweet
Embed
Score 0/7 Timer 01:00
0 Plays Today
Hint Answer % Correct
C & EChallenge and Enjoyment
85.7%
BBreadth
85.7%
DDepth
78.6%
PProgression
71.4%
CCoherence
64.3%
P & CPersonalisation and choice
50%
RRelevence
50%

You're not logged in!

Compare scores with friends on all Sporcle quizzes.
Join for Free
OR
Log In

You Might Also Like...

Show Comments

Extras

Top Quizzes Today


Score Distribution

Your Account Isn't Verified!

In order to create a playlist on Sporcle, you need to verify the email address you used during registration. Go to your Sporcle Settings to finish the process.

Report this User

Report this user for behavior that violates our Community Guidelines.

Details: